000 00741nam a22001817a 4500
999 _c62033
_d62033
003 Ge_BSU
005 20240625165101.0
008 240625s1978 ge ||||| |||| 00| 0 geo d
041 _ageo
080 _a616-056.3-053.2 მ- 45
100 _aმდინარაძე, მ.
_922576
245 _aბავშვთა ალერგიული დაავადება /
_cმ. მდინარაძე; რედ. დოლიძე.
264 _aთბ. :
_bსაბჭ. საქართველო,
_c1978.
300 _a63გვ. ;
_b20სმ.
653 _aალერგიული დაავადებები ბავშვებში
653 _aმედიცინა
942 _2udc
_cᲬᲘᲒᲜᲘ